Statistics for US State/Territory by National Park

Click here to take the quiz!

General Stats

  • This quiz has been taken 23 times
    (19 since last reset)
  • The average score is 21 of 30

Answer Stats

National Park State or Territory % Correct
YellowstoneWyoming
88%
Grand CanyonArizona
88%
Hot SpringsArkansas
88%
Great Smoky MountainsTennessee
75%
Kenai FjordsAlaska
75%
Mesa VerdeColorado
75%
Joshua TreeCalifornia
75%
RedwoodCalifornia
75%
North CascadesWashington
75%
ZionUtah
75%
EvergladesFlorida
75%
AcadiaMaine
75%
DenaliAlaska
75%
ArchesUtah
75%
Petrified ForestArizona
75%
HaleakalāHawaii
75%
Big BendTexas
75%
SaguaroArizona
75%
GlacierMontana
75%
CanyonlandsUtah
75%
Kobuk ValleyAlaska
63%
Cuyahoga ValleyOhio
63%
Carlsbad CavernsNew Mexico
63%
Virgin IslandsUS Virgin Islands
63%
ShenandoahVirginia
63%
Lassen VolcanicCalifornia
63%
Black Canyon of the GunnisonColorado
50%
Wind CaveSouth Dakota
50%
Great BasinNevada
50%
CongareeSouth Carolina
38%

Score Distribution

Percentile by Number Answered

Percent of People with Each Score

Your Score History

You have not taken this quiz since the last reset